Topological and algebraic structures i fuzzy sets (Record no. 9826)
[ view plain ]
| 000 -LEADER | |
|---|---|
| fixed length control field | 00812nam a22001937a 4500 |
| 005 - DATE AND TIME OF LATEST TRANSACTION | |
| control field | 20091029151557.0 |
| 008 - FIXED-LENGTH DATA ELEMENTS--GENERAL INFORMATION | |
| fixed length control field | 091029t xxu||||| |||| 00| 0 eng d |
| 020 ## - INTERNATIONAL STANDARD BOOK NUMBER | |
| International Standard Book Number | 1-4020-1515-1 |
| 080 ## - UNIVERSAL DECIMAL CLASSIFICATION NUMBER | |
| Universal Decimal Classification number | 515.12:510.22 |
| Item number | ROD |
| 100 ## - MAIN ENTRY--PERSONAL NAME | |
| Personal name | Rodabaugh, Stephen Ernest [ed.] |
| Role | ed. by |
| 245 ## - TITLE STATEMENT | |
| Title | Topological and algebraic structures i fuzzy sets: |
| Remainder of title | a handbook of recent developments in the mathematics of fuzzy sets |
| 260 ## - PUBLICATION, DISTRIBUTION, ETC. (IMPRINT) | |
| Place of publication, distribution, etc | Dordrecht |
| Name of publisher, distributor, etc | Kluwer Academic Publishers |
| Date of publication, distribution, etc | 2003 |
| 300 ## - PHYSICAL DESCRIPTION | |
| Extent | xi, 467p. |
| 490 ## - SERIES STATEMENT | |
| Series statement | (Trends in logic strudia logica library; v.20) |
| 653 ## - INDEX TERM--UNCONTROLLED | |
| Uncontrolled term | Fuzzy sets |
| -- | Topology |
| -- | Algebra |
| -- | Fuzzy set theory |
| 700 ## - ADDED ENTRY--PERSONAL NAME | |
| Personal name | Erich, Peter Klement |
| 942 ## - ADDED ENTRY ELEMENTS (KOHA) | |
| item type | Books |
| 260 ## - PUBLICATION, DISTRIBUTION, ETC. (IMPRINT) | |
| -- | 9195 |
| Lost status | Source of classification or shelving scheme | Not for loan | Home library | Current library | Date acquired | Total Checkouts | Full call number | Barcode | Date last seen | Price effective from | Koha item type |
|---|---|---|---|---|---|---|---|---|---|---|---|
| Universal Decimal Classification | University Library | University Library | 29/10/2009 | 515.12:510.22 ROD | 00053003 | 29/10/2009 | 29/10/2009 | Books |
